000 00409nam a2200193Ia 4500
008 210210b1929 xxu||||| |||| 00| 0 eng d
041 _aeng
082 _a535/73
100 _aKAYE (G W C)
245 _aXrays Ed 4
250 _a
260 _aLondon
_bLongmans Green & Co
_c1929
300 _axxi,320
650 _aXrays
650 _aEd
650 _a4
690 _aElectricity
906 _a008691
999 _c127501
_d127501